000 00378nam a2200157 i 4500
001 bg
100 1 _aCHUDZIKIEWICZ, Ryszard
245 0 _aMechanizacja odlewni /
_cRyszard Chudzikiewicz.
250 _aWyd.2 całk. przerob.
260 _aWarszawa,
_c1974.
040 _cBPK
041 _apol
080 _a621.74
942 _cKS
008 s pl f |000 0 pol
999 _c26586
_d26586
856 _uhttp://koha.tu.koszalin.pl/cgi-bin/koha/opac-detail.pl?biblionumber=26586
_yKatalog online BPK